000 00445nam a2200181Ia 4500
008 220531s9999 xx 000 0 und d
041 _aeng
082 _a330
_bGHO
100 _aGhosh, B. N.
_956648
245 _aManagerial Economics And Business Decisions
250 _a1ST
260 _aNew Delhi
_bAne
_c2011
300 _a459
542 _d15-07-2011
650 _aEconomics
_956649
906 _d2011-2012
999 _c32634
_d32634